LEADER 01077nam--2200373---450- 001 990000306020203316 010 $a0-387-98381-3 035 $a0030602 035 $aUSA010030602 035 $a(ALEPH)000030602USA01 035 $a0030602 100 $a20001128d1998----km-y0itay0103----ba 101 $aeng 102 $aUS 105 $a||||||||001yy 200 1 $aMathematical physiology$fJames Keener, James Sneyd 210 $aNew York$cSpringer Verlag$dc1998 215 $aXIX, 766 o.$cill.$d30 cm 225 2 $aInterdisciplinary applied mathematics 410 $12001$aInterdisciplinary applied mathematics 461 1$1001-------$12001 606 0 $aFisiologia 676 $a571 700 1$aKEENER,$bJames$023217 801 0$aIT$bsalbc$gISBD 912 $a990000306020203316 951 $a571 KEE$bCBS 0025247$c571$d00100206 959 $aBK 969 $aSCI 979 $aPATTY$b90$c20001128$lUSA01$h1249 979 $c20020403$lUSA01$h1638 979 $aPATRY$b90$c20040406$lUSA01$h1621 996 $aMathematical Physiology$9328322 997 $aUNISA LEADER 02452nam0 2200385 4500 001 000038033 005 20250526145430.0 010 $a978-88-351-4608-7$beBook-PDF 100 $a20250526d2022----km-y0itay50------ba 101 0 $aita 102 $aIT 105 $ay-------001yy 106 $as 135 $adoug----uuuuu 200 1 $aDalla voluntary alla mandatory disclosure dell'informativa societaria di natura non finanziaria$brisorsa elettronica$eanalisi del percorso e tendenze evolutive$fRomilda Mazzotta, Stefania Veltri$gprefazione e postfazione Franco Rubino$estrategie, governance e valutazione d'azienda 210 $aMilano$cAngeli$d2022 215 $a205 p.$d23 cm$c1 testo elettronico 225 2 $aStrategie, governance e valutazione d'azienda$v10 230 $aDati testuali (1 file) 300 $aModalità di accesso: World Wide Web 327 1 $aIndice del libro free access:$uhttp://digital.casalini.it/9788835150077 330 $aIl tema della comunicazione esterna agli stakeholders è da sempre per gli aziendalisti un'area di studio di estrema attualità, sul quale si è indirizzata l'attenzione degli studiosi e dei practitioners. Nel testo si traccia un percorso della rendicontazione non finanziaria volontaria nell'ambito dei bilanci sociali e ambientali, di sostenibilità, del capitale intellettuale, integrati alla divulgazione obbligatoria (mandatory disclosure) dell'informativa non finanziaria, prevista dalla Direttiva 95/2014/EU per le grandi aziende ed implementata in Italia con il D. Lgs. 254/2016. [Testo dell'editore] 410 0$12001$aStrategie, governance e valutazione d'azienda$v10 500 10$aDalla voluntary alla mandatory disclosure dell'informativa societaria di natura non finanziaria$94383859 610 1 $aImprese$aLegislazione$aResponsabilità sociale$aItalia 676 $a346.45065$v23$9Diritto delle imprese. Italia 700 1$aMazzotta,$bRomilda$4070$0383582 701 1$aVeltri,$bStefania$4070$0330114 702 1$aRubino,$bFranco E. 801 0$aIT$bUNIPARTHENOPE$c20250526$gRICA$2UNIMARC 856 4 $uhttp://digital.casalini.it/9788835150077$zAccesso limitato alla rete di Ateneo Università di Napoli "Parthenope"$eData ultima consultazione: 2025-05-26 912 $a000038033 951 $aE-BOOK$b49891$cNAVA1$d2025 996 $aDalla voluntary alla mandatory disclosure dell'informativa societaria di natura non finanziaria$94383859 997 $aUNIPARTHENOPE